Población y encomienda en Yucatán bajo las Austrias
Uloženo v:
| Hlavní autor: | |
|---|---|
| Médium: | Kniha |
| Jazyk: | španělština |
| Vydáno: |
Sevilla
Escuela de Estudios Hispano-Americanos de Sevilla
1978
|
| Témata: | |
| Tagy: |
Přidat tag
Žádné tagy, Buďte první, kdo vytvoří štítek k tomuto záznamu!
|
MARC
| LEADER | 00000nam a2200000 a 4500 | ||
|---|---|---|---|
| 001 | UCH1954 | ||
| 003 | CL-VaPUC | ||
| 008 | 090520e19780000SP |||||||||||||||||spa|d | ||
| 020 | |a 8400043995 | ||
| 082 | 0 | 4 | |a 304.6 |b GAR |2 21 |
| 100 | |a García Bernal, Manuela Cristina |e author |9 536679 | ||
| 245 | 1 | 0 | |a Población y encomienda en Yucatán bajo las Austrias |
| 300 | |a 595 p | ||
| 942 | |c BK | ||
| 945 | |d 20090520 00:00:00 |a rbrito | ||
| 260 | |a Sevilla |b Escuela de Estudios Hispano-Americanos de Sevilla |c 1978 | ||
| 650 | 0 | |a Población |9 257577 | |
| 650 | 7 | |a CRECIMIENTO |2 CL-VaPUC |9 536569 | |
| 650 | 0 | |a Demografía |9 260008 | |
| 650 | 7 | |a MORTALIDAD |2 CL-VaPUC |9 341601 | |
| 650 | 0 | |a Geografía humana |9 267193 | |
| 650 | 0 | |a Etnología |9 258726 | |
| 651 | 7 | |a YUCATAN |2 CL-VaPUC |9 368771 | |
| 651 | 0 | |a México |9 255269 | |
| 583 | |a last modification |c 20090520 00:00:00 |k Rodrigo Vera | ||
| 999 | |c 333825 |d 333823 | ||
| 952 | |0 0 |1 0 |4 0 |6 304_600000000000000_GAR_1978 |7 0 |8 A |9 422461 |a BIBHIS |b BIBHIS |d 2019-11-22 |i 455101K |o 304.6 GAR 1978 |p 455101K |r 2025-01-20 |w 2019-11-22 |y BK |k HIS | ||